[Event "OP-2011-0-01679"]
[Site "LSS email"]
[Date "2011.07.25"]
[Round "?"]
[White "Herzog, Klaus"]
[Black "Serov, Anatoly Mikhailovic"]
[Result "0-1"]
[WhiteElo "1805"]
[BlackElo "1336"]
[PlyCount "68"]
[EventDate "2011.07.22"]
[EventType "tourn (corr)"]
[EventRounds "4"]
[EventCountry "GER"]
[SourceTitle "Telechess CBM 151"]
[Source "ChessBase"]
[SourceDate "2012.11.13"]
[SourceVersion "1"]
[SourceVersionDate "2012.11.13"]
[SourceQuality "1"]

1. d4 Nf6 2. c4 g6 3. Nc3 Bg7 4. e4 d6 5. f3 0-0 6. Be3 Nfd7 7. Qd2 c5 8. d5 Qa5 9. h4 Ne5 10. Be2 Qb4 11. Nb5 Na6 12. Qxb4 cxb4 13. Nh3 Bd7 14. Nf2 Rfc8 15. Nxa7 Rxc4 16. f4 Ng4 17. Bxg4 Bxb2 18. Rb1 Bc3+ 19. Kf1 Bxg4 20. Nxg4 Rxe4 21. Rh3 Nc5 22. Nb5 Rxa2 23. h5 Bd2 24. Bxd2 Rxd2 25. Ra1 h6 26. Nxh6+ Kg7 27. hxg6 Rxf4+ 28. Kg1 fxg6 29. Nc7 g5 30. Re1 b3 31. g3 Rd3 32. Kg2 Ra4 33. Rf1 Ra2+ 34. Kh1 b2 0-1

[Event "OP-2011-0-01679"]
[Site "LSS email"]
[Date "2011.07.25"]
[Round "?"]
[White "Serov, Anatoly Mikhailovic"]
[Black "Linart, Ludvik"]
[Result "1-0"]
[WhiteElo "1336"]
[BlackElo "845"]
[PlyCount "45"]
[EventDate "2011.07.22"]
[EventType "tourn (corr)"]
[EventRounds "4"]
[EventCountry "GER"]
[SourceTitle "Telechess CBM 151"]
[Source "ChessBase"]
[SourceDate "2012.11.13"]
[SourceVersion "1"]
[SourceVersionDate "2012.11.13"]
[SourceQuality "1"]

1. e4 e5 2. Nf3 Nc6 3. Bb5 Nf6 4. d3 d6 5. c3 Bd7 6. 0-0 a6 7. Ba4 b5 8. Bc2 Be7 9. Re1 Bg4 10. Nbd2 0-0 11. h3 Bh5 12. Nf1 d5 13. Ng3 dxe4 14. Nxh5 Nxh5 15. Rxe4 Bd6 16. Nxe5 Nxe5 17. Qxh5 Ng6 18. d4 f5 19. Re6 Qh4 20. Qxh4 Nxh4 21. Bg5 Ng6 22. Rae1 h6 23. Bxh6 1-0